Purchasing and supply chain management: analysis, strategy, planning and practice / (Record no. 259)

000 -LEADER
fixed length control field 00520 a2200157 4500
008 - FIXED-LENGTH DATA ELEMENTS--GENERAL INFORMATION
fixed length control field 210419b ||||| |||| 00| 0 eng d
020 ## - INTERNATIONAL STANDARD BOOK NUMBER
International Standard Book Number 9781408088463
082 00 - DEWEY DECIMAL CLASSIFICATION NUMBER
Classification number 658.72
Item number W396
100 ## - MAIN ENTRY--PERSONAL NAME
Personal name Weele, Arjan J. Van
9 (RLIN) 4968
245 ## - TITLE STATEMENT
Title Purchasing and supply chain management: analysis, strategy, planning and practice /
250 ## - EDITION STATEMENT
Edition statement 6th ed.
260 ## - PUBLICATION, DISTRIBUTION, ETC. (IMPRINT)
Place of publication, distribution, etc United Kingdom:
Name of publisher, distributor, etc Cengage Learning,
Date of publication, distribution, etc c2014.
300 ## - PHYSICAL DESCRIPTION
Extent xxvii, 438 p.
650 #0 - SUBJECT ADDED ENTRY--TOPICAL TERM
Topical term or geographic name as entry element Purchasing and Supply Chain Management
942 ## - ADDED ENTRY ELEMENTS (KOHA)
Source of classification or shelving scheme
Item type Books
Holdings
Withdrawn status Lost status Source of classification or shelving scheme Damaged status Not for loan Permanent location Current location Date acquired Source of acquisition Cost, normal purchase price Full call number Barcode Date last seen Cost, replacement price Koha item type
          IMU Kolkata IMU Kolkata 2019-09-16 Sterling Book House 5250.53 658.72 W396 13362 2019-09-16 6177.10 Books
          IMU Kolkata IMU Kolkata 2019-09-16 Sterling Book House 5250.53 658.72 W396 13363 2019-09-16 6177.10 Books
          IMU Kolkata IMU Kolkata 2019-09-16 Sterling Book House 5250.53 658.72 W396 13364 2019-09-16 6177.10 Books
          IMU Kolkata IMU Kolkata 2019-09-16 Sterling Book House 5250.53 658.72 W396 13365 2019-09-16 6177.10 Books
Designed and Maintained by IMU-KC Library, Kolkata Campus © Copyright All Rights Reserved

webs counters

Powered by Koha